A survey of mathematics : with applications / (Record no. 80847)
[ view plain ]
| 000 -LEADER | |
|---|---|
| fixed length control field | 01158nam a2200217 a 4500 |
| 008 - FIXED-LENGTH DATA ELEMENTS--GENERAL INFORMATION | |
| fixed length control field | 080109s1981 ||||||||||||||||| || u |
| 020 ## - INTERNATIONAL STANDARD BOOK NUMBER | |
| International Standard Book Number | 0201000458 |
| 050 ## - LIBRARY OF CONGRESS CALL NUMBER | |
| Classification number | QA 39.2 Ang |
| 100 ## - MAIN ENTRY--PERSONAL NAME | |
| Personal name | Angel, Allen R., 1942- |
| 245 12 - TITLE STATEMENT | |
| Title | A survey of mathematics : with applications / |
| 260 ## - PUBLICATION, DISTRIBUTION, ETC. | |
| Place of publication, distribution, etc. | Reading, Mass. : |
| Name of publisher, distributor, etc. | Addison-Wesley Pub. Co |
| Date of publication, distribution, etc. | 1981 |
| 300 ## - PHYSICAL DESCRIPTION | |
| Extent | xiv, 507 p. : ill. |
| 350 ## - | |
| -- | 0.00 |
| 650 #0 - SUBJECT ADDED ENTRY--TOPICAL TERM | |
| Topical term or geographic name entry element | MATHEMATICS--STUDY AND TEACHING |
| 650 #0 - SUBJECT ADDED ENTRY--TOPICAL TERM | |
| Topical term or geographic name entry element | MATHEMATICS--HANDBOOKS, MANUALS, ETC |
| 700 ## - ADDED ENTRY--PERSONAL NAME | |
| Personal name | Porter, Stuart R., 1932- |
| 995 ## - | |
| -- | MAIN LIBRARY OPEN ACCESS |
| -- | 0.00 |
| -- | 713318 |
| -- | CBU-MAIN LIBRARY (Kitwe) |
| -- | 4 |
| -- | 24.95 |
| -- | QA 39.2 Ang |
| -- | 1 |
| -- | AVAILABLE |
| -- | 011133 |
| -- | Main Library Open Access Collection |
| 995 ## - | |
| -- | ANNEX COLLECTION (Main Library) |
| -- | 0.00 |
| -- | 713316 |
| -- | CBU-MAIN LIBRARY (Kitwe) |
| -- | 3 |
| -- | 24.95 |
| -- | QA 39.2 Ang |
| -- | 3 |
| -- | AVAILABLE |
| -- | 011135 |
| -- | Annex Low-Usage Collection |
| 995 ## - | |
| -- | BINDERY (DAMAGED) |
| -- | 0.00 |
| -- | 713315 |
| -- | CBU-MAIN LIBRARY (Kitwe) |
| -- | 2 |
| -- | 24.95 |
| -- | QA 39.2 Ang |
| -- | 2 |
| -- | DAMAGED |
| -- | 011134 |
| -- | Main Library Open Access Collection |
| 995 ## - | |
| -- | BINDERY (DAMAGED) |
| -- | 0.00 |
| -- | 713315 |
| -- | CBU-MAIN LIBRARY (Kitwe) |
| -- | 1 |
| -- | 24.95 |
| -- | QA 39.2 Ang |
| -- | 4 |
| -- | DAMAGED |
| -- | 011136 |
| -- | Main Library Open Access Collection |
| 999 ## - | |
| -- | 80847 |
| -- | 80847 |
| Withdrawn status | Lost status | Source of classification or shelving scheme | Damaged status | Not for loan | Permanent Location | Current Location | Shelving location | Date acquired | Total Checkouts | Full call number | Barcode | Date last seen | Copy number | Price effective from | Koha item type |
|---|---|---|---|---|---|---|---|---|---|---|---|---|---|---|---|
| CBU-MAIN LIBRARY, KITWE. | CBU-MAIN LIBRARY, KITWE. | 07/11/2023 | QA 39.2 Ang | 011133 | 07/11/2023 | 1 | 07/11/2023 | MONOGRAPH | |||||||
| CBU-MAIN LIBRARY, KITWE. | CBU-MAIN LIBRARY, KITWE. | 07/11/2023 | QA 39.2 Ang | 011135 | 07/11/2023 | 2 | 07/11/2023 | MONOGRAPH | |||||||
| CBU-MAIN LIBRARY, KITWE. | CBU-MAIN LIBRARY, KITWE. | 07/11/2023 | QA 39.2 Ang | 011134 | 07/11/2023 | 3 | 07/11/2023 | MONOGRAPH | |||||||
| CBU-MAIN LIBRARY, KITWE. | CBU-MAIN LIBRARY, KITWE. | 07/11/2023 | QA 39.2 Ang | 011136 | 07/11/2023 | 4 | 07/11/2023 | MONOGRAPH |